[Event "Politiken Cup 18th"]
[Site "Copenhagen"]
[Date "1996.??.??"]
[Round "10"]
[White "Kogan, Artur"]
[Black "Gausel, Einar"]
[Result "1-0"]
[WhiteElo "2485"]
[BlackElo "2515"]
[Annotator "Horn,Pe"]
[PlyCount "65"]
[EventDate "1996.06.??"]
[EventType "swiss"]
[EventRounds "11"]
[EventCountry "DEN"]
[SourceTitle "CBM 054"]
[Source "ChessBase"]
[SourceDate "1996.10.01"]
[SourceVersion "1"]
[SourceVersionDate "1996.10.01"]
[SourceQuality "1"]

1. Nf3 d5 2. g3 c6 3. Bg2 Bg4 4. b3 Nd7 5. Bb2 Ngf6 6. O-O e6 7. d3 Bc5 8. Nbd2
O-O 9. h3 Bh5 10. d4 {->D11} Be7 11. c4 {Beide Seiten haben ein Tempo verloren
(Bc5-e7 und Pd3-d4). Weiß kann versuchen, den Bh5 gegen den Nf3 zu tauschen,
oder e4 durchzusetzen. Schwarz geht üblicherweise am Damenflügel vor.} b5 (
11... a5 12. g4 (12. Qc2 Bg6 13. Qc1 a4 14. Ba3 Bxa3 15. Qxa3 axb3 16. Qxb3 Ra7
17. cxd5 exd5 18. Ne5 Qb6 19. Nxg6 hxg6 20. Qd3 Rfa8 $10 {Hug-Vaganian/Luzern/
1989}) (12. Ne5 Nxe5 13. dxe5 Nd7 14. g4 Bg6 15. e4 dxe4 16. Nxe4 Nc5 $10 {
Andersson-Smyslov/Hastings/1973}) 12... Bg6 13. Nh4 a4 14. Nxg6 hxg6 15. Qc2
Bb4 16. Rfd1 Qe7 17. a3 axb3 18. Qxb3 Ba5 19. a4 Rfb8 20. Ba3 $36 {
Donchenko-Cheliandinov/URS/1977}) (11... Qc7 12. Re1 Rfd8 13. e4 dxe4 14. Nxe4
Nxe4 15. Rxe4 Nf6 16. Re3 Bxf3 17. Qxf3 Rd7 $10 {Pigusov-Vaisser/Soci/1982})
12. g4 (12. Ne5 Nxe5 13. dxe5 Nd7 14. cxb5 cxb5 15. g4 (15. f4 Rc8 16. g4 $2
Bc5+ 17. Kh2 Bxg4 $1 $17 {Todorcevic-Bass/Leon/1991}) 15... Bg6 16. f4 f6 $1
$132 {Kondratiev} (16... f5 $6 17. e3 $14 {Smejkal-Sunye Neto/Rio de Janeiro/
1979})) 12... Bg6 13. Nh4 bxc4 (13... Be4 $6 {verliert nur Zeit, da Weiß nicht
auf e4 tauscht.} 14. f3 Bg6 15. Nxg6 $14) 14. bxc4 Qa5 (14... Be4 15. f3) 15.
Nxg6 hxg6 (15... fxg6 16. Qc1 Rab8 $14) 16. c5 $5 {[%cal Ye2e3,Yf2f4] Ein
interessanter Moment: Weiß will den Gegner im Zentrum durch e3/f4 lahmlegen
und pocht auf sein Raumübergewicht. Die schwarzen Leichtfiguren kommen jetzt
nur schwer zu aktiven Möglichkeiten.} (16. Qc2 Ba3 (16... Bb4) (16... Nb6) 17.
Nb3 (17. Bc3 Qa6) 17... Qa4 $132) 16... g5 {richtet sich deutlich gegen den
genannten weißen Plan.} (16... Rab8 17. Qc2 {[%cal Yb2c3] Der schwarze Angriff
am Damenflügel läuft ohne Leichtfigurenunterstützung ins Leere.}) 17. e3 Rab8
18. Qc2 Nh7 (18... Rb7 $14) 19. f4 (19. e4 $6 Rfe8 {[%csl Gf4][%cal Yh7f8,
Yf8g6,Yg6f4]}) 19... gxf4 {mit einer kleinen Falle verbunden} (19... f5 $6 {
Das wäre ein Versuch, aktiv dagegenzuhalten; durchaus im Sinne von 16...g5. Es
stand aber zu befürchten, daß der Bg2 langfristig der Nutznießer der Öffnung
der Stellung wird.}) 20. Nb3 $8 (20. exf4 $2 Nxc5 $1 $17 21. dxc5 $2 Qxc5+ $19)
20... Qa4 21. exf4 Nhf6 (21... Rfe8 $5 22. f5) 22. f5 exf5 (22... e5 $2 23.
dxe5 Bxc5+ 24. Kh1 $18) 23. Qxf5 Rb7 24. h4 Ne4 $1 (24... Nh7 25. g5 $40) 25.
Bxe4 dxe4 26. g5 $1 g6 (26... e3) 27. Qg4 (27. Qxe4 Nxc5) 27... e3 28. Qe2 Rb4
$2 (28... Nxc5 $5 29. dxc5 Qxh4 30. Qxe3 Bxc5 (30... Rxb3 31. Qxb3 Bxc5+ 32.
Kg2 Qxg5+ 33. Qg3 (33. Kh1 $2 Qh5+ 34. Kg2 Qe2+ 35. Kh1 Bd6 $19) 33... Qd2+ 34.
Rf2 Bxf2 35. Qxf2 Qxf2+ 36. Kxf2 Rd8 $14) (30... Bxg5 $5) (30... Rb4 $5) 31.
Nxc5 (31. Qxc5 Qg3+ $10) 31... Qg4+ 32. Kh1 Rxb2 33. Rf2 Qh4+ 34. Kg1 Rxf2 35.
Qxf2 Qxg5+ 36. Kf1 Re8 $15) (28... f5 $2 29. gxf6 Bxf6 30. Qxe3 $16) 29. Qxe3
Bxc5 (29... Bd8 30. h5 gxh5 31. g6 $1 Nf6 (31... Kg7 32. Bc1 $18) 32. Qh6 $18)
30. h5 $1 (30. dxc5 $143 Rg4+ 31. Kf2 Nxc5 (31... Rf4+ 32. Kg2 Rg4+ 33. Kf3
Rxh4 34. Rg1 $18) 32. Nxc5 (32. Qxc5 $2 Qe4 $19) 32... Qc2+ 33. Ke1 Qxb2 34.
Rd1 $13) (30. Nxc5 Nxc5 31. Bc3 Rc4 32. dxc5 Rg4+ $13) (30. Bc3 $5 Rc4 31. dxc5
Rg4+ 32. Kf2 Rf4+ 33. Kg2 Rg4+ 34. Kf3 Rxh4 35. Rg1 $18) 30... Bd6 (30... Rb7
31. hxg6 $1 Ba3 (31... fxg6 32. Qe6+ $18) 32. gxf7+ Rxf7 33. Rxf7 Kxf7 34. Rf1+
$18) (30... gxh5 31. g6 $1 $18) 31. hxg6 Ne5 32. gxf7+ (32. dxe5 $2 {wäre ein
böser Reinfall:} Rg4+ 33. Kh1 Rh4+ 34. Kg2 Rg4+ 35. Kh2 Rh4+ 36. Kg2 Rg4+ 37.
Kh3 Rh4+ 38. Kg2 $10) 32... Kg7 (32... Rxf7 33. Rxf7 $1 $18) 33. Nc5 $1 {
Ein hübsches Finale.} (33. dxe5 $2 Rg4+) 1-0

[Event "EU-chT (Men) 11th"]
[Site "Pula"]
[Date "1997.05.??"]
[Round "8.4"]
[White "Hulak, Krunoslav"]
[Black "Gabriel, Christian"]
[Result "1/2-1/2"]
[WhiteElo "2525"]
[BlackElo "2570"]
[Annotator "Horn,Pe"]
[PlyCount "88"]
[EventDate "1997.05.05"]
[EventType "team-swiss"]
[EventRounds "9"]
[EventCountry "CRO"]
[SourceTitle "CBM 057 Extra"]
[Source "ChessBase"]
[SourceDate "1997.05.01"]
[SourceVersion "1"]
[SourceVersionDate "1997.05.01"]
[SourceQuality "1"]
[WhiteTeam "Croatia"]
[BlackTeam "Germany"]
[WhiteTeamCountry "CRO"]
[BlackTeamCountry "GER"]

1. g3 d5 2. Bg2 c6 3. Nf3 Nf6 4. b3 Bf5 5. Bb2 e6 6. c4 Nbd7 7. O-O h6 8. d4 (
8. d3 {ist die etwas kämpferische Fortsetzung.}) 8... Be7 9. Nc3 O-O 10. e3 (
10. Qd2 Ne4 11. Nxe4 Bxe4 12. Ne1 Bxg2 13. Kxg2 a5 $11 {Osnos}) 10... Ne4 11.
Nxe4 Bxe4 12. Qe2 a5 $11 13. Bh3 a4 14. Nd2 Bg6 15. Bc3 Nf6 16. c5 b5 17. f3
Nh7 18. b4 f5 {Der Übergang in eine Stonewallformation ist hier ganz
unbedenklich, da der Bg6 eine aktive Rolle spielt, und der Damenflügl
mumifiziert ist.} 19. Rad1 Qd7 20. Bg2 Nf6 21. Nb1 Rae8 22. Na3 Bd8 23. Nc2 Bc7
24. Ne1 Qe7 25. Nd3 Nd7 26. e4 fxe4 27. fxe4 Nf6 28. e5 Bh5 29. Qe3 Ne4 $1 {
Das ist ganz wesentlich: sonst könnte Weiß versuchen, aus seinem Raumvorteil
was zu machen.} 30. Rc1 Rxf1+ 31. Kxf1 {Momentan stehen die weißen Figuren
etwas unglücklich. Die weiße Stellung ist aber nicht ernsthaft gefährdet.} Bg6
(31... Qg5 32. Qxg5 Nxg5 $11) 32. Nf4 Bf5 33. Kg1 Rf8 34. Rf1 Bd8 35. Bb2 Qe8
36. h3 Bh7 37. Bc1 Bg5 38. Qe1 Bxf4 39. Bxf4 g5 40. Be3 Rxf1+ 41. Bxf1 Qf7 42.
Be2 (42. Qe2 $4 Nc3 $1 (42... Nxg3 $19) 43. Qe1 Qf3 44. Qxc3 Qxg3+ 45. Bg2 Be4
$19) 42... Kf8 43. a3 Ke8 44. Kg2 Bg6 1/2-1/2

[Event "Sarajevo Bosnia 32nd"]
[Site "Sarajevo"]
[Date "2002.05.26"]
[Round "5"]
[White "Georgiev, Kiril"]
[Black "Movsesian, Sergei"]
[Result "1-0"]
[WhiteElo "2654"]
[BlackElo "2624"]
[Annotator "Huebner,R"]
[PlyCount "95"]
[EventDate "2002.05.22"]
[EventType "tourn"]
[EventRounds "9"]
[EventCountry "BIH"]
[EventCategory "16"]
[SourceTitle "CBM 090"]
[Source "ChessBase"]
[SourceDate "2002.09.20"]
[SourceVersion "1"]
[SourceVersionDate "2002.09.20"]
[SourceQuality "1"]

1. d4 Nf6 2. c4 c6 3. Nf3 d5 4. e3 Bg4 {Dem Schwarzen hat das Verfahren
gefallen, das I. Sokolov vor zwei Tagen anwandte; er greift auch darauf zurück.
} 5. h3 Bxf3 6. Qxf3 e6 7. Nc3 Bb4 {Aber hier weicht er ab. Er legt sich mit
diesem Zug darauf fest, einen Kampf mit zwei Springern gegen zwei Läufer zu
führen; auch dies scheint ohne weiteres spielbar zu sein.} 8. Bd3 O-O 9. O-O
Nbd7 10. Qd1 e5 $6 ({Plausibler erscheint mir für Schwarz die Fortsetzung} 
10... dxc4 11. Bxc4 c5 (11... e5 12. Qb3 Qe7 13. a3 Bxc3 14. bxc3 {mit etwas
besserer Stellung für Weiß.}) 12. Qb3 cxd4 13. exd4 (13. Qxb4 dxc3 14. Qxc3 Rc8
{ist befriedigend für Schwarz.}) 13... Qa5 14. a3 Bxc3 15. bxc3 Rac8 {mit
ausgeglichener Stellung.}) 11. cxd5 cxd5 (11... exd4 12. exd4 (12. dxc6 dxc3
13. cxd7 Qxd7 {sieht befriedigend für Schwarz aus.}) 12... cxd5 13. Bf4 {
überläßt dem Weißen einen kleinen Vorteil.}) 12. Qb3 Bxc3 (12... Qa5 13. Bd2 {
ist nicht besser.}) 13. bxc3 Qc7 14. Ba3 Rfc8 15. Rfc1 Nb6 16. Rab1 e4 17. Be2
Rab8 18. Bc5 Nfd7 (18... Nbd7 {ist nicht wirksamer:} 19. Be7 b5 20. Qa3 Qc6 21.
Bxf6 Nxf6 22. Qxa7 {, und Schwarz findet keinen Ersatz für den verlorenen
Bauern.}) 19. Be7 (19. Bg4 $5 {kommt auch in Betracht:} Nxc5 (19... Nc4 20. Qb5
Rd8 21. Be7 (21. Bxa7 Ra8 22. Bc5 Nxc5 23. Qxc5 Qxc5 24. dxc5 {ist auch nicht
bequem für Schwarz.}) 21... Nf6 22. Bxd8 Qxd8 23. Qa4 {mit Qualitätsgewinn.}) (
19... Rd8 20. Bxd7 Nxd7 21. Bxa7 Ra8 22. Bb6 Nxb6 23. Qxb6 {, und die
Verteidigungsaufgabe des Schwarzen ist nicht beneidenswert.}) 20. dxc5 Nd7 ({
Zu der Fortsetzung} 20... Qxc5 21. Bxc8 Rxc8 {entschließt man sich nicht gerne,
obwohl Schwarz sich halten können mag.}) 21. Qa3 Rd8 (21... g6 22. Bxd7 Qxd7
23. Qxa7 Ra8 (23... Qc6 24. Rb6 {kostet ebenfalls einen Bauern.}) 24. Qxb7 Qxb7
25. Rxb7 Rxc5 26. Rc2 {Weiß hat einen Bauern gewonnen; auch wenn die Stellung
vielleicht als remis einzuschätzen ist, hat die Verteidigungsaufgabe des
Schwarzen nichts Verlockendes.}) (21... a6 22. Rd1 {ist keine Verbesserung für
Schwarz.} Rd8 23. Rxd5 Nf6 24. Rd4 {Auch diese Fortsetzung ist für Schwarz
nicht bequem.}) 22. Bxd7 Rxd7 23. Qxa7 Rc8 24. c4 {, und Weiß behält einen
Mehrbauern.}) 19... Nc4 {Schwarz gibt den Kampf um das Feld c4 auf. Nach} (
19... Qc6 20. Bh4 Ra8 21. Bg3 {hat Schwarz Mühe, die Drohung Le2-b5 nebst
a2-a4 befriedigend zu parieren; er hat ein dauerndes Problem mit der
ausreichenden Verteidigung des Bauern auf b7.} (21. Bb5 Qe6 22. a4 a6 23. Be2
Ra7 {führt nicht zum Ziel.})) 20. Bxc4 dxc4 21. Qb5 b6 ({Auch nach} 21... a6 {
behält Weiß Vorteil:} 22. Qf5 (22. Qd5 Qc6 23. Qxc6 Rxc6 24. d5 Rg6 25. a4 {
ist ebenfalls gut.}) 22... b5 23. d5 {usw.}) 22. a4 {Weiß führt die
thematische Öffnung einer Linie am Damenflügel durch. Nicht mehr verspricht
die sofortige Bedrohung des Bauern auf e4, zum Beispiel} (22. Qd5 Qb7) ({oder} 
22. Qf5 Re8) 22... Re8 23. Bh4 Rbc8 24. a5 Qb7 25. axb6 Nxb6 ({Die Fortsetzung
} 25... axb6 26. Rb4 Qc6 27. Qxc6 Rxc6 28. Ra1 {ist äußerst ungünstig für
Schwarz.}) 26. Ra1 f6 {Auf diese Weise bringt Schwarz seinen Turm auf die
siebente Reihe und baut eine recht gesunde Festung auf. Weiß muß jedenfalls
vermeiden, daß Schwarz seinen Springer auf d5 festsetzen kann, und bringt zu
diesem Zwecke die Türme auf die 5. Reihe.} 27. Rcb1 Re7 28. Ra5 Qd7 29. Qa6 Qb7
30. Qb5 Qd7 31. g4 h6 ({Nach} 31... Qxb5 32. Rbxb5 h6 33. Bg3 {steht Weiß zu
d4-d5-d6 bereit; die Verteidigungsaufgabe des Schwarzen ist mühsam.}) 32. Bg3 (
{Nach} 32. Qxd7 Rxd7 33. Rbb5 Rcd8 {nimmt Schwarz den Punkt d5 in Besitz.})
32... Kf7 33. Qh5+ Kg8 34. Rbb5 Qe6 35. h4 {Weiß will den Königsflügel des
Schwarzen auflockern.} (35. Qf5 $5 {führt zu dem oben besprochenen
Stellungstypus; Schwarz ist in Nöten.}) 35... Rd8 36. g5 {Jetzt ist es schon
wieder zu spät für} (36. Qf5 {Schwarz antwortet} Qxf5 37. gxf5 Red7) 36... fxg5
$2 {Die Aufgabe des Feldes e5 sieht riskant aus.} (36... Nd5 37. gxf6 (37. gxh6
Nxc3 {mit unklaren Folgen.}) 37... Nxf6 38. Qf5 Qf7 (38... Qxf5 39. Rxf5 Red7
40. Rfc5 {ist jetzt unbefriedigend für Schwarz, weil der Bauer auf c4 des
Schutzes entbehrt.}) 39. Be5 {ist unbequem für Schwarz.}) (36... hxg5 37. hxg5
Nd5 38. g6 Red7 39. Ra3 {sieht auch nicht vertrauenerweckend für Schwarz aus.})
(36... Kh7 {dürfte am besten sein:} 37. Bf4 Red7 38. Ra6 (38. gxh6 g6 {ist
nicht besser.}) (38. gxf6 Nd5 {auch nicht.}) 38... Rf8 (38... Rd5 39. Rxd5 Rxd5
40. Rxa7 {ist unbefriedigend für Schwarz.}) ({nach} 38... Qh3 39. gxf6 Nd5 40.
f7 Nxf4 41. exf4 e3 42. Qf5+ Qxf5 43. Rxf5 e2 44. Re5 Rxf7 45. Rxe2 {steht
Schwarz ein harter Kampf ums Remis bevor.}) 39. Rba5 Qf7 {usw.}) 37. hxg5 g6 (
37... hxg5 38. Rxg5 {überlebt Schwarz nicht lange.}) 38. Qh4 Qf7 (38... h5 39.
Re5 Qf7 40. Qxe4 {ist hoffnungslos für Schwarz.}) 39. Qxh6 $18 Nd5 40. Ra6 Nb6
41. Rbxb6 axb6 42. Rxb6 Qh7 43. Rxg6+ Rg7 44. Qxh7+ Kxh7 45. Rh6+ Kg8 46. g6
Ra8 47. Be5 Ra3 48. d5 {Eine von Weiß vorzüglich durchgeführte Positionspartie.
} 1-0

[Event "Villa Martelli"]
[Site "Villa Martelli"]
[Date "1998.05.24"]
[Round "6"]
[White "Vescovi, Giovanni P"]
[Black "Rojas Keim, Luis Alberto"]
[Result "1/2-1/2"]
[WhiteElo "2480"]
[BlackElo "2455"]
[Annotator "Huebner,R"]
[PlyCount "75"]
[EventDate "1998.05.??"]
[EventType "tourn"]
[EventRounds "9"]
[EventCountry "ARG"]
[EventCategory "9"]
[SourceTitle "CBM 065"]
[Source "ChessBase"]
[SourceDate "1998.08.06"]
[SourceVersion "1"]
[SourceVersionDate "1998.08.06"]
[SourceQuality "1"]

1. d4 d5 2. c4 c6 3. Nf3 dxc4 4. e3 b5 5. a4 e6 6. axb5 cxb5 7. b3 Bb4+ 8. Bd2
Bxd2+ 9. Nbxd2 a5 10. bxc4 b4 11. Bd3 Nf6 12. Ne5 O-O 13. O-O Bb7 14. f4 Nc6
15. Ndf3 Ra7 16. Bc2 Nxe5 17. fxe5 Ne4 18. Qd3 g6 (18... f5 19. exf6 Rxf6 20.
Nd2 Rxf1+ 21. Rxf1 Nf6 22. Rxf6 Qxf6 23. Qxh7+ Kf8 (23... Kf7 24. Qh5+ $16) 24.
Qh8+ Ke7 25. Qb8 Qg5 26. Qc7+ Kf8 27. Qb8+ {führt zum Remis.}) 19. Nd2 Nc3 20.
Rf6 a4 21. h4 a3 22. h5 Qe7 23. Qf1 Kg7 24. Kh2 Bc6 25. Qf4 Ba4 26. Bd3 b3 27.
Kg3 b2 28. Rh1 Rh8 (28... a2 {scheitert an} 29. hxg6 fxg6 30. Rxg6+ hxg6 31.
Qh6+ Kg8 32. Qh8+ Kf7 33. Bxg6+ Kxg6 34. Qh5+ Kg7 35. Qh7#) 29. Qh4 Be8 (29...
a2 30. hxg6 h6 (30... fxg6 31. Qh6+ Kg8 32. Rxg6+ Qg7 33. Rxg7+ Rxg7+ 34. Kh2
a1=Q 35. Qxe6+ Rf7 36. Rf1 $18) 31. Rxf7+ Qxf7 32. gxf7 Rxf7 {mit unklarer
Stellung.}) 30. hxg6 fxg6 31. Bxg6 (31. Qh6+ Kg8 32. Rhf1 Bf7 33. Rxf7 Qxf7 34.
Rxf7 Rxf7 $19) 31... Kg8 (31... Bxg6 32. Qh6+ Kg8 33. Rxg6+ Qg7 34. Rxg7+ Rxg7+
35. Kh2 Rg6 36. Qh4 $18) (31... a2 32. Bxh7 {führt zum Matt.}) 32. Bxe8 Qxe8
33. Rhf1 a2 34. Rf8+ Qxf8 35. Rxf8+ Kxf8 36. Qd8+ Kg7 37. Qf6+ Kg8 38. Qd8+
1/2-1/2

[Event "Dhaka"]
[Site "Dhaka"]
[Date "1995.??.??"]
[Round "8"]
[White "Koshy, Varugeese"]
[Black "Rahman, Zillur"]
[Result "1/2-1/2"]
[WhiteElo "2405"]
[BlackElo "2320"]
[Annotator "Huebner,R"]
[PlyCount "134"]
[EventDate "1995.??.??"]
[EventType "tourn"]
[EventRounds "13"]
[EventCountry "BAN"]
[EventCategory "9"]
[SourceTitle "CBM 048"]
[Source "ChessBase"]
[SourceDate "1995.10.01"]
[SourceVersion "1"]
[SourceVersionDate "1995.10.01"]
[SourceQuality "1"]

1. c4 c6 2. Nf3 d5 3. d4 Bf5 4. cxd5 Bxb1 {Der Zug wird in ECO D11/1, Fußnote
2 empfohlen. Ich habe kein früheres Beispiel für seine Anwendung gefunden.} 5.
Rxb1 Qxd5 6. a3 Nd7 7. Qc2 Ngf6 8. e3 e6 9. Bd3 {Besser ist 9.Be2 mit leichtem
Vorteil für Weiß.} Qh5 10. O-O Bd6 11. e4 e5 12. dxe5 Nxe5 13. Nxe5 Bxe5 14. f4
$2 {Solider ist 14.h3.} Bd4+ 15. Kh1 Ng4 16. h3 (16. g3 $1) 16... Qh4 17. Qe2 (
17. Be2 h5 $17) 17... Qg3 $1 18. Qxg4 Qxd3 19. Qd1 Qxb1 20. Qxd4 O-O 21. Rd1
Qc2 $19 22. e5 Rae8 23. Be3 f6 24. Rd2 fxe5 25. fxe5 Rf1+ 26. Kh2 Qb1 27. Bg1
Qe1 28. Qc4+ Kh8 29. Re2 Qb1 30. Bxa7 Rh1+ 31. Kg3 Re1 32. Bd4 h6 33. Qc2 Qxc2
34. Rxc2 Kg8 35. Bc3 Rf1 36. Rd2 Re6 37. a4 Kf8 38. Rd8+ Ke7 39. Rd2 b6 40. b4
Rg6+ 41. Kh2 Rc1 42. Bd4 c5 43. bxc5 bxc5 44. Bf2 Ra6 45. Rd5 Rc6 46. Be3 Ke6
47. Rd8 Ra1 48. Re8+ Kf7 49. Ra8 c4 50. Bd4 c3 51. e6+ Kxe6 52. Bxg7 Kf7 53.
Ra7+ Kg6 54. g4 Rf1 55. Bd4 Rff6 56. h4 c2 57. h5+ Kg5 58. Kg3 c1=Q 59. Ra5+
Rc5 60. Rxc5+ Qxc5 61. Bxc5 Re6 62. a5 Re4 63. Kh3 Rxg4 64. Be3+ Kxh5 65. Bxh6
Rd4 66. Bf8 Ra4 67. Bd6 Rxa5 1/2-1/2

[Event "GER-GRE"]
[Site "Fuerth"]
[Date "2002.09.04"]
[Round "5"]
[White "Gustafsson, Jan"]
[Black "Mastrovasilis, Dimitrios"]
[Result "1-0"]
[WhiteElo "2542"]
[BlackElo "2462"]
[Annotator "Huebner,R"]
[PlyCount "103"]
[EventDate "2002.08.31"]
[EventType "team"]
[EventRounds "6"]
[EventCountry "GER"]
[SourceTitle "CBM 091"]
[Source "ChessBase"]
[SourceDate "2002.11.12"]
[SourceVersion "1"]
[SourceVersionDate "2002.11.12"]
[SourceQuality "1"]
[WhiteTeam "Germany"]
[BlackTeam "Greece"]
[WhiteTeamCountry "GER"]
[BlackTeamCountry "GRE"]

1. d4 d5 2. c4 c6 3. Nf3 Nf6 4. e3 a6 5. Bd3 Bg4 6. Nbd2 e6 7. Qc2 Nbd7 8. b3
Be7 (8... Bxf3 9. Nxf3 Bb4+ 10. Ke2 {1/2-1/2 Piskov,Y-Simic,R/Belgrade 1995/
CBM 47 ext (10).}) 9. Bb2 Bh5 10. O-O Bg6 11. e4 dxe4 12. Nxe4 Nxe4 13. Bxe4
O-O {Oft ist es in ähnlichen Stellungen günstig, das Schlagen auf g6
zuzulassen; hier aber nicht. Schwarz muß nämlich mit c6-c5 nach Gegenspiel
streben. In den Endspieltypen, die nach d4xc5 entstehen, ist jetzt die
Bauernmehrheit des Schwarzen am Königsflügel entwertet. Entscheidend ist diese
Ungenauigkeit nicht; aber dennoch sollte Weiß im folgenden stets auf g6
zugreifen und Schwarz auf e4.} 14. Rfe1 Qc7 15. Rad1 Rad8 16. Bc3 Rfe8 17. Bxg6
hxg6 18. g3 Bf6 $6 {Dies gefällt mir nicht; das Feld f6 sollte für den
Springer frei bleiben. Nach} (18... Nf6 {hat Schwarz nichts Besonderes zu
fürchten; auf Sf3-e5 reagiert er mit Sf6-d7, denn nach Springertausch steht
eher Schwarz besser.}) 19. Re3 Nf8 {Der Springer steht hier völlig wirkungslos.
} 20. Red3 (20. h4 {ist genauer. Weiß sollte den Vorstoß g6-g5 ein für allemal
unterbinden, und Schwarz sollte ihn im folgenden duchführen, wann immer sich
eine Gelegenheit dazu ergibt. Ich führe die Fälle nicht alle im Einzelnen auf.}
) 20... Rd7 21. Bd2 Red8 (21... Qd8 22. Be3 g5) 22. Bf4 Qa5 ({Nach} 22... Qc8
23. h4 {verbleibt Schwarz in einer sehr passiven Stellung.}) 23. c5 ({Jetzt
kann Schwarz nach} 23. h4 {mit} Qh5 {antworten.}) 23... Re8 24. Bd6 Qd8 25. b4
Rxd6 26. cxd6 Qxd6 {In derartigen Stellungstypen lautet die Frage stets: Kann
Schwarz die Stellung halten, oder sind die Gewinnaussichten von Weiß
bedeutend? In der vorliegenden Position sind die Gewinnaussichten des Weißen
nicht gering, denn die Verdoppelung des g-Bauern stellt jetzt für Schwarz eine
ärgerliche Schwächung dar. Schwarz muß im allgemeinen vermeiden, daß sein
Läufer gegen den Springer des Weißen abgetauscht wird.} 27. Qc5 Qc7 28. a4 Nd7
29. Qc2 Qd6 30. Rb1 Qd5 31. b5 axb5 32. axb5 Rc8 33. bxc6 Rxc6 (33... bxc6 {
schein mir plausibler zu sein. Wenn Schwarz zu c6-c5 kommt und seinen c-Bauern
ohne weitere Zugeständnisse gegen den d-Bauern des Weißen tauschen kann,
entsteht eine Remisstruktur.}) 34. Qb3 Rb6 35. Qd1 Rxb1 36. Qxb1 b5 37. Qb3 Qf5
38. Rc3 ({Hier war die letzte Gelegenheit zu} 38. h4) 38... g5 39. Rc8+ Kh7 40.
Qc2 Qxc2 41. Rxc2 g4 42. Rc7 gxf3 43. Rxd7 Kg6 44. Kf1 {Jetzt ensteht
jedenfalls eine Remisstellung. Zu versuchen ist} (44. d5 exd5 (44... b4 45.
dxe6 fxe6 46. Rd3 {ist hoffnungslos für Schwarz, denn} Kf5 47. Rxf3+ Ke4 {
scheitert an} 48. Rf4+) (44... Kf5 45. dxe6 fxe6 46. Rd3 {ist ebenfalls
kritisch für Schwarz.}) 45. Rxd5 b4 46. Rd3 Bc3 47. Rxf3 f5 48. Kf1 Kf6 49. Ke2
{mit guten Gewinnaussichten.}) 44... b4 45. Rb7 Bxd4 46. Rxb4 e5 47. Rb3 f5 48.
Rxf3 Kf6 49. Ra3 e4 50. Ra6+ Kg5 51. Kg2 Kg4 $2 ({Nach} 51... g6 {kann Weiß
meines Erachtens nicht gewinnen. Bei der Struktur, in der Weiß Bauern auf f2,
g3, h4 und Schwarz auf f7, g6, h5 hat, kann der Anziehende nur durch äußerst
subtiles Spiel um Haaresbreite den Sieg erzwingen. Hier hindern der Bauer des
Schwarzen auf e4 und die Schwäche des Bauern auf f2 den Weißen an einem
vorbereitenden Königsmarsch ins Zentrum. Spielt er f2-f3, so folgt e4xf3, Kg2
(e2)xf3, und Schwarz kann sich zunächst weiterhin abwartend verhalten. Ich
sehe für den Weißen keine andere Möglichkeit, als h2-h3 nebst g3-g4 zu spielen,
aber meines Erachtens führen alle nach Bauerntausch entstehenden Strukturen zu
Remisstellungen, ob nun g4xf5, g6xf5 geschieht oder f5xg4, h3xg4 oder f5xg4, K
(T)xg4. Der einzige andere Versuch für Weiß, der mir einfällt, besteht darin,
h2-h3 nebst g3-g4 zu spielen. Kann Schwarz nun f5xg4 mit doppeltem
Bauerntausch spielen, entsteht wieder ein Endspiel Turm und Bauer gegen Läufer
und Bauer, das Remis ist. Steht der Turm des Weißen etwa auf a5, so folgt
Kg5-f4, steht er auf e6, so spielt Schwarz (zum Beispiel) Ld4-a7. Ich sehe für
Weiß keine Möglichkeit, die Figuren des Schwayrzen durch Zugzwang oder
geschicktes Manövrieren auf ungünstige Felder zu zwingen, so daß er die
Koordination verliert. Für ein abschließendes Urteil sind natürlich längere
und konkretere Untersuchungen nötig. Nach dem Textzug verliert Schwarz einen
weiteren Bauern, und damit ist die Sache zu Ende.}) 52. Ra4 1-0